| 000 | 00460nam a22001697a 4500 | ||
|---|---|---|---|
| 003 | NUST - PNEC | ||
| 005 | 20170116181036.0 | ||
| 008 | 150919b xxu||||| |||| 00| 0 eng d | ||
| 020 | _a8178082845 | ||
| 040 | _cLIBRARY | ||
| 082 | _a621.38452 RAD | ||
| 100 |
_911390 _aRadmanesh, M. M. |
||
| 245 |
_aRadio frequency & microwave electronics illustrated _cMatthew M. Radmanesh |
||
| 260 | _cc.2001 | ||
| 650 |
_911393 _aRadio frequency _xEE |
||
| 942 |
_2ddc _cBK |
||
| 999 |
_c67937 _d67937 |
||